[Event "4th Mediterreanean Men & Women Champions"]
[Site "Cannes"]
[Date "2007.02.18"]
[Round "2.16"]
[White "Drljevic, Ljilja"]
[Black "Solic, Kristina"]
[Result "1-0"]
[WhiteElo "2243"]
[BlackElo "2155"]
[PlyCount "62"]
[EventDate "2007.??.??"]

1. e4 c5 2. d3 d6 3. g3 Nc6 4. Bg2 Nf6 5. Nf3 e5 6. O-O Be7 7. c3 O-O 8. h3 Rb8
9. Qc2 b5 10. Rd1 Bd7 11. Be3 Re8 12. a3 Bf8 13. Nbd2 h6 14. d4 a5 15. dxc5
dxc5 16. a4 b4 17. Nc4 Qc7 18. Nh4 Be6 19. Qe2 bxc3 20. bxc3 Rb3 21. Na3 Qc8
22. Nf5 Bxf5 23. exf5 Rxc3 24. Nb5 Nd4 25. Bxd4 exd4 26. Qa2 Qxf5 27. Nxc3 dxc3
28. Rac1 Ne4 29. Qc2 Qg6 30. Re1 f5 31. g4 Nd2 1-0

[Event "4th Mediterreanean Men & Women Champions"]
[Site "Cannes"]
[Date "2007.02.19"]
[Round "3.1"]
[White "Belkhodja, Slim"]
[Black "Collas, Silvia"]
[Result "1/2-1/2"]
[WhiteElo "2487"]
[BlackElo "2389"]
[PlyCount "123"]
[EventDate "2007.??.??"]

1. e4 c5 2. Nf3 e6 3. d4 cxd4 4. Nxd4 a6 5. Bd3 Ne7 6. O-O Nbc6 7. Nxc6 Nxc6 8.
f4 d5 9. exd5 Qxd5 10. Nc3 Qd4+ 11. Kh1 Bd7 12. Qe2 Be7 13. Be3 Qb4 14. f5 Ne5
15. Be4 O-O-O 16. Bf4 f6 17. a3 Qc4 18. Bd3 Nxd3 19. cxd3 Qb3 20. d4 e5 21.
dxe5 Bc6 22. Rac1 fxe5 23. Bxe5 Rhe8 24. Qg4 Bf6 25. Bxf6 gxf6 26. Rf2 Re5 27.
h3 Rg8 28. Qf4 Qf7 29. Ne2 Qd5 30. Qc4 Rxf5 31. Qxd5 Rxd5 32. Nf4 Rdg5 33. Rcc2
Kb8 34. Kh2 f5 35. Rcd2 Be4 36. Rd7 R5g7 37. Rxg7 Rxg7 38. Nh5 Rf7 39. g4 Bb1
40. g5 Kc7 41. Rf1 Bd3 42. Rc1+ Kb6 43. Rc3 Be4 44. Kg3 Kb5 45. Nf6 Bb1 46. h4
Ka4 47. Kf4 b5 48. Re3 a5 49. Nd5 b4 50. h5 Kb5 51. axb4 axb4 52. Re7 Rf8 53.
g6 hxg6 54. hxg6 Ba2 55. g7 Rd8 56. Nc7+ Ka4 57. Ne6 Bxe6 58. Rxe6 Kb3 59. Rb6
Rg8 60. Rb7 Kc2 61. Kxf5 b3 62. Kf6 1/2-1/2

[Event "4th Mediterreanean Men & Women Champions"]
[Site "Cannes"]
[Date "2007.02.19"]
[Round "3.2"]
[White "Saric, Ivan"]
[Black "Gurevich, Mikhail"]
[Result "1-0"]
[WhiteElo "2469"]
[BlackElo "2635"]
[PlyCount "55"]
[EventDate "2007.??.??"]

1. e4 e6 2. d4 d5 3. Nc3 Nf6 4. e5 Nfd7 5. f4 c5 6. Nf3 Nc6 7. Be3 Be7 8. dxc5
O-O 9. Qd2 Bxc5 10. O-O-O Qa5 11. Bxc5 Nxc5 12. Kb1 Bd7 13. Bd3 Nb4 14. Nd4
Rfc8 15. g4 Ba4 16. f5 Nbxd3 17. cxd3 Bxd1 18. f6 gxf6 19. exf6 Kh8 20. Rxd1
Na4 21. Nxa4 Qxa4 22. Nf3 Qxg4 23. Ne5 Qh5 24. Re1 Rc7 25. Rg1 Qh4 $4 26. Qc2
Re7 27. fxe7 Qxe7 28. Nxf7+ 1-0

[Event "4th Mediterreanean Men & Women Champions"]
[Site "Cannes"]
[Date "2007.02.19"]
[Round "3.3"]
[White "Atalik, Suat"]
[Black "Bogut, Zeljko"]
[Result "1-0"]
[WhiteElo "2586"]
[BlackElo "2437"]
[PlyCount "163"]
[EventDate "2007.??.??"]

1. d4 f5 2. g3 Nf6 3. Bg2 d6 4. Nf3 g6 5. O-O Bg7 6. b3 Ne4 7. Bb2 Nc6 8. Nbd2
O-O 9. Ne1 Nxd2 10. Qxd2 e5 11. Bd5+ Kh8 12. Bxc6 bxc6 13. dxe5 dxe5 14. Rd1
Qxd2 15. Rxd2 f4 16. Nd3 Bh3 17. Rfd1 Rae8 18. f3 fxg3 19. hxg3 Bf5 20. e4 Bc8
21. Kg2 h5 22. Ba3 Rg8 23. Bc5 a5 24. Be3 Kh7 25. a4 Bf6 26. Nc5 g5 27. Nd7 Bh8
28. g4 hxg4 29. fxg4 Kg6 30. Kg3 Re7 31. Bc5 Rf7 32. Nf8+ Rgxf8 33. Bxf8 Rf4
34. Rf2 Rxe4 35. Rd8 Rxg4+ 36. Kh2 Be6 37. Be7 Bg7 38. Rg2 Rh4+ 39. Kg1 Rh5 40.
Rh2 Bh3 41. b4 g4 42. bxa5 e4 43. Bb4 c5 44. a6 Bd4+ 45. Rxd4 cxd4 46. a7 Rh8
47. Bc5 d3 48. cxd3 exd3 49. Rd2 g3 50. Rxd3 Bf5 51. Rxg3+ Kf7 52. Re3 Ra8 53.
Re7+ Kf6 54. Rxc7 Be4 55. Kf2 Ke6 56. Ke3 Kd5 57. Bb4 Bg2 58. Kd2 Kd4 59. Bc3+
Kd5 60. Kc2 Kd6 61. Ba5 Bc6 62. Kb3 Rg8 63. Rh7 Kc5 64. Rh3 Bd5+ 65. Ka3 Ra8
66. Rc3+ Bc4 67. Bb4+ Kd5 68. Rg3 Rxa7 69. Rg5+ Ke6 70. a5 Bd5 71. Rg6+ Kf5 72.
Rh6 Be6 73. Bc3 Rc7 74. Rf6+ Kg5 75. Rxe6 Rxc3+ 76. Kb4 Rc1 77. a6 Kf5 78. Re8
Ra1 79. Kb5 Rb1+ 80. Kc6 Rc1+ 81. Kb7 Rb1+ 82. Ka8 1-0

[Event "4th Mediterreanean Men & Women Champions"]
[Site "Cannes"]
[Date "2007.02.19"]
[Round "3.4"]
[White "Nikac, Predrag"]
[Black "Apicella, Manuel"]
[Result "0-1"]
[WhiteElo "2383"]
[BlackElo "2534"]
[PlyCount "80"]
[EventDate "2007.??.??"]

1. e4 e6 2. d4 d5 3. Nc3 Bb4 4. e5 Ne7 5. Nf3 c5 6. a3 Bxc3+ 7. bxc3 Bd7 8. a4
Qa5 9. Bd2 c4 10. h4 Nbc6 11. h5 h6 12. Nh4 O-O-O 13. g3 g5 14. Ng2 f6 15. exf6
Ng8 16. f7 Nf6 17. Ne3 Rdf8 18. Bg2 Rxf7 19. O-O Rg8 20. Ng4 Nxg4 21. Qxg4 e5
22. Qd1 e4 23. f3 e3 24. Bxe3 Qxc3 25. Bf2 Re8 26. Kh2 Rfe7 27. Re1 Rxe1 28.
Bxe1 Qxd4 29. c3 Qxd1 30. Rxd1 Re2 31. Kg1 Ne5 32. Kf1 Ra2 33. Bf2 Nd3 34. Bd4
Bxa4 35. Rb1 b5 36. f4 gxf4 37. g4 Bc2 38. Rxb5 Ra1+ 39. Ke2 Bd1+ 40. Kd2 Ba4
0-1

[Event "4th Mediterreanean Men & Women Champions"]
[Site "Cannes"]
[Date "2007.02.19"]
[Round "3.5"]
[White "Djukic, Nikola"]
[Black "Calistri, Tristan"]
[Result "1-0"]
[WhiteElo "2527"]
[BlackElo "2381"]
[PlyCount "79"]
[EventDate "2007.??.??"]

1. e4 c5 2. Nf3 Nc6 3. d4 cxd4 4. Nxd4 Nf6 5. Nc3 e5 6. Ndb5 d6 7. Bg5 a6 8.
Na3 b5 9. Nd5 Be7 10. Bxf6 Bxf6 11. c3 Bg5 12. Nc2 O-O 13. a4 bxa4 14. Rxa4 a5
15. Bc4 Bd7 16. Ra2 a4 17. Bb5 Nb4 18. Ndxb4 Bxb5 19. Na3 Qb6 20. Nxb5 Qxb5 21.
Qd5 Qxd5 22. Nxd5 f5 23. Nc7 Rab8 24. Ne6 Bc1 25. Nxf8 Kxf8 26. O-O Rxb2 27.
Rxa4 Bd2 28. exf5 Bxc3 29. Ra7 d5 30. Rd7 d4 31. g4 e4 32. Ra1 Rb8 33. Raa7 d3
34. Kg2 Bf6 35. h4 h6 36. g5 hxg5 37. hxg5 Bxg5 38. Rf7+ Ke8 39. Rxg7 Bh6 40.
Rge7+ 1-0

[Event "4th Mediterreanean Men & Women Champions"]
[Site "Cannes"]
[Date "2007.02.19"]
[Round "3.6"]
[White "Piscopo, Pierluigi"]
[Black "Dembo, Yelena"]
[Result "1-0"]
[WhiteElo "2380"]
[BlackElo "2469"]
[PlyCount "77"]
[EventDate "2007.??.??"]

1. e4 c5 2. Nf3 Nc6 3. d4 cxd4 4. Nxd4 Nf6 5. Nc3 d6 6. Bc4 e6 7. Be3 Be7 8.
Qe2 Bd7 9. O-O-O Rc8 10. Nxc6 bxc6 11. g4 O-O 12. g5 Ne8 13. Rhg1 d5 14. Bd3
Rb8 15. f4 Qa5 16. Bd4 Rb4 17. exd5 Rxd4 18. Bxh7+ Kxh7 19. Rxd4 Qb6 20. Rdd1
Bc5 21. Ne4 Qb5 22. Qh5+ Kg8 23. Nxc5 Qxc5 24. d6 Nf6 25. Qh4 Nd5 26. g6 fxg6
27. Rxg6 Nxf4 28. Rg5 Ne2+ 29. Kb1 Qd4 30. Qxd4 Nxd4 31. Ra5 e5 32. Rxa7 Bf5
33. Rg1 Bxc2+ 34. Ka1 Bg6 35. b3 Kh7 36. h4 Kh6 37. h5 Bxh5 38. Raxg7 Ne2 39.
Rg8 1-0

[Event "4th Mediterreanean Men & Women Champions"]
[Site "Cannes"]
[Date "2007.02.19"]
[Round "3.7"]
[White "El Gindy, Essam"]
[Black "Georgiadis, Ioannis"]
[Result "0-1"]
[WhiteElo "2523"]
[BlackElo "2392"]
[PlyCount "196"]
[EventDate "2007.??.??"]

1. d4 Nf6 2. Nf3 e6 3. e3 b6 4. Bd3 Bb7 5. O-O Be7 6. Nbd2 c5 7. Re1 Nc6 8. c3
d5 9. Ne5 Nxe5 10. dxe5 Nd7 11. f4 g6 12. c4 O-O 13. cxd5 exd5 14. b3 c4 15.
bxc4 Nc5 16. Bf1 d4 17. Nb3 Nxb3 18. axb3 Bb4 19. Bd2 Bc5 20. Kh1 a5 21. exd4
Bxd4 22. Be3 Bxa1 23. Qxd8 Rfxd8 24. Rxa1 b5 25. cxb5 Rac8 26. f5 gxf5 27. Bc4
Bd5 28. Bg5 Rd7 29. h4 Bxc4 30. bxc4 Rxc4 31. Rxa5 Rc8 32. b6 Rd1+ 33. Kh2 Rb1
34. Be3 Rb3 35. Bd4 Kf8 36. Ra7 Ke8 37. e6 fxe6 38. Rxh7 Rc4 39. Bf6 Rxb6 40.
h5 e5 41. Bxe5 Rh4+ 42. Kg3 Re4 43. Ba1 Rg4+ 44. Kf2 Ra6 45. Be5 Ra2+ 46. Kf3
Ra3+ 47. Kf2 Ra2+ 48. Kf3 Rgxg2 49. h6 Rgf2+ 50. Kg3 Rh2 51. Kf4 Rh5 52. Bg7
Re2 53. Rh8+ Kf7 54. Rf8+ Kg6 55. Rf6+ Kh7 56. Bf8 Re4+ 57. Kf3 Rg4 58. Bg7
Rh3+ 59. Kf2 Rh2+ 60. Kf3 Rh3+ 61. Kf2 Rh5 62. Kf3 Ra4 63. Bf8 Ra7 64. Bg7 Rc7
65. Bf8 Kg8 66. Bg7 Rf7 67. Ra6 Rh4 68. Kg3 Rg4+ 69. Kf3 Rg1 70. Kf4 Rg4+ 71.
Kf3 Rh4 72. Kg3 Rb4 73. Be5 f4+ 74. Kf3 Kh7 75. Rc6 Rb3+ 76. Bc3 Ra3 77. Kf2 f3
78. Rf6 Rxf6 79. Bxf6 Kxh6 80. Be5 Kg5 81. Bd6 Rb3 82. Bc7 Kf5 83. Bd6 Ke4 84.
Bc5 Rb2+ 85. Kf1 Kf4 86. Bd6+ Ke3 87. Bc5+ Ke4 88. Ba7 Kf4 89. Bc5 Kg4 90. Bd4
Rd2 91. Be3 Rh2 92. Bb6 Rb2 93. Bc5 Ra2 94. Bb6 Ra6 95. Be3 Ra1+ 96. Kf2 Ra2+
97. Kf1 Kg3 98. Bd4 f2 0-1

[Event "4th Mediterreanean Men & Women Champions"]
[Site "Cannes"]
[Date "2007.02.19"]
[Round "3.8"]
[White "Drljevic, Ljilja"]
[Black "Calzetta, Monica"]
[Result "0-1"]
[WhiteElo "2243"]
[BlackElo "2352"]
[PlyCount "30"]
[EventDate "2007.??.??"]

1. e4 c5 2. d3 g6 3. g3 Bg7 4. Bg2 Nc6 5. Nf3 e5 6. O-O Nge7 7. c3 O-O 8. Be3
d6 9. h3 h6 10. d4 exd4 11. cxd4 d5 12. Qd2 dxe4 13. Ne5 cxd4 14. Nxc6 Nxc6 15.
Bxh6 e3 0-1

[Event "4th Mediterreanean Men & Women Champions"]
[Site "Cannes"]
[Date "2007.02.19"]
[Round "3.9"]
[White "Gutierrez Castillo, Paloma"]
[Black "Krivec, Jana"]
[Result "0-1"]
[WhiteElo "2192"]
[BlackElo "2316"]
[PlyCount "66"]
[EventDate "2007.??.??"]

1. e4 e5 2. Nf3 Nc6 3. Bc4 Nf6 4. d3 Be7 5. Nbd2 O-O 6. O-O d6 7. c3 Na5 8. Bb5
a6 9. Ba4 b5 10. Bc2 c5 11. Re1 Nd7 12. d4 cxd4 13. cxd4 Nc6 14. Nf1 Nb6 15.
Ne3 Bf6 16. dxe5 dxe5 17. Bb3 Nd4 18. Nxd4 exd4 19. Nc2 Re8 20. Bf4 d3 21. Nb4
Bxb2 22. Nd5 Nxd5 23. Bxd5 Bxa1 24. Qxa1 Be6 25. Bxa8 Qxa8 26. Re3 Qd8 27. Rg3
f6 28. Qc3 Bc4 29. e5 Re6 30. Bh6 g6 31. exf6 Qxf6 32. Qc1 Qb2 33. Qd1 Qe2 0-1

[Event "4th Mediterreanean Men & Women Champions"]
[Site "Cannes"]
[Date "2007.02.19"]
[Round "3.10"]
[White "Ozturk, Kubra"]
[Black "Khairallah, Faisal"]
[Result "1-0"]
[WhiteElo "2131"]
[BlackElo "2293"]
[PlyCount "99"]
[EventDate "2007.??.??"]

1. d4 Nf6 2. Nf3 c5 3. d5 b5 4. c4 e6 5. Bg5 exd5 6. cxd5 d6 7. e4 a6 8. a4 Be7
9. Bxf6 Bxf6 10. Qc2 b4 11. Nbd2 O-O 12. Be2 Re8 13. O-O Nd7 14. Nc4 Nf8 15. h3
Ra7 16. Rfe1 a5 17. Rad1 Ng6 18. Bf1 Qc7 19. g3 h5 20. Kh2 h4 21. Re3 hxg3+ 22.
fxg3 Ba6 23. Ncd2 Bc8 24. Nc4 Ra8 25. b3 Bd7 26. Bg2 Ne5 27. Nfxe5 Bxe5 28. Rf1
Re7 29. Qd1 Bd4 30. Ree1 Rae8 31. Qh5 Bc8 32. Rf4 g6 33. Qg5 Bg7 34. Rf2 Ba6
35. Ne3 Bd3 36. Ng4 c4 37. bxc4 Qxc4 38. h4 Qc8 39. Bh3 Qb8 40. h5 Re5 41. Nxe5
Rxe5 42. Qf4 Qe8 43. hxg6 fxg6 44. Be6+ Kh7 45. Kg2 Rh5 46. Rh1 Rxh1 47. Kxh1
Be5 48. Rh2+ Kg7 49. Qh6+ Kf6 50. Rf2+ 1-0

[Event "4th Mediterreanean Men & Women Champions"]
[Site "Cannes"]
[Date "2007.02.19"]
[Round "3.11"]
[White "Peric, Slavisa"]
[Black "Messina, Roberta"]
[Result "1-0"]
[WhiteElo "2306"]
[BlackElo "1834"]
[PlyCount "57"]
[EventDate "2007.??.??"]

1. d4 Nf6 2. Nf3 e6 3. e3 b6 4. Bd3 Bb7 5. O-O Be7 6. c4 d5 7. cxd5 exd5 8. Nc3
O-O 9. Qe2 Nbd7 10. Rd1 Re8 11. b3 c5 12. dxc5 bxc5 13. Bb2 d4 14. Na4 Bd6 15.
Bb5 Ng4 16. h3 Bxf3 17. Qxf3 Bh2+ 18. Kf1 Nge5 19. Qd5 dxe3 20. Bxe5 Rxe5 21.
Qf3 e2+ 22. Bxe2 Qe7 23. Rxd7 Qxd7 24. Qxa8+ Re8 25. Qf3 Be5 26. Rd1 Qe7 27.
Bb5 Rb8 28. Rd7 Qe6 29. Rxf7 1-0

[Event "4th Mediterreanean Men & Women Champions"]
[Site "Cannes"]
[Date "2007.02.19"]
[Round "3.12"]
[White "Lebel-Arias, Julia"]
[Black "Cabrera Trujillo, Jorge"]
[Result "0-1"]
[WhiteElo "1989"]
[BlackElo "2279"]
[PlyCount "144"]
[EventDate "2007.??.??"]

1. d4 c5 2. e3 Nf6 3. c3 e6 4. Bd3 Nc6 5. f4 b6 6. Nf3 Bb7 7. Nbd2 Qc7 8. Nf1
Be7 9. Ng3 cxd4 10. exd4 Nd5 11. Qd2 Bd6 12. Ne2 Na5 13. O-O Nc4 14. Bxc4 Qxc4
15. Ne5 Qc7 16. Ng3 Ba6 17. Rf2 f6 18. Nd3 f5 19. Ne5 O-O 20. Qd1 b5 21. a3 Nb6
22. Qh5 Qd8 23. Qh3 Rf6 24. Nf1 Rh6 25. Qf3 Nd5 26. g3 Rb8 27. Ne3 Nf6 28. Qe2
Ne4 29. Rg2 Bb7 30. Nf3 Ba8 31. d5 Bc5 32. Nd4 Bxd4 33. cxd4 Bxd5 34. Nxd5 exd5
35. Bd2 Re6 36. Qd3 Qb6 37. Bc3 a5 38. Rd1 Rc8 39. Be1 Rec6 40. g4 fxg4 41.
Rxg4 Rc1 42. Rg2 Rxd1 43. Qxd1 Rc4 44. Kf1 Qf6 45. Qg4 h5 46. Qf3 Rxd4 47. f5
g5 48. Kg1 g4 49. Qf4 Ng5 50. Qb8+ Kf7 51. Re2 Re4 52. Qxb5 Rxe2 53. Qxe2 Nf3+
54. Kg2 Nxe1+ 55. Qxe1 Qxb2+ 56. Kh1 Qxa3 57. Qe5 Qf3+ 58. Kg1 h4 59. f6 h3 60.
Qe7+ Kg6 61. Qg7+ Kh5 62. Qh7+ Kg5 63. Qg7+ Kf4 64. Qh6+ Ke5 65. Qd2 Qxf6 66.
Qxa5 Qf4 67. Qc7+ d6 68. Qe7+ Kf5 69. Qf7+ Ke4 70. Qg6+ Kf3 71. Qb1 Qd4+ 72.
Kh1 Qe4 0-1

[Event "4th Mediterreanean Men & Women Champions"]
[Site "Cannes"]
[Date "2007.02.19"]
[Round "3.13"]
[White "Mehaibia, Azzedine"]
[Black "Pace, Colin"]
[Result "1/2-1/2"]
[WhiteElo "2190"]
[BlackElo "2147"]
[PlyCount "138"]
[EventDate "2007.??.??"]

1. e4 c5 2. Nf3 g6 3. d4 Bg7 4. Nc3 cxd4 5. Nxd4 Nc6 6. Be3 Nf6 7. Be2 O-O 8.
O-O d5 9. exd5 Nb4 10. Bf3 Nbxd5 11. Nxd5 Nxd5 12. Bc1 Nb4 13. c3 e5 14. Nb5
Nd3 15. Be3 a6 16. Na3 f5 17. Qb3+ Kh8 18. Rad1 e4 19. Be2 f4 20. Bc5 Re8 21.
Bxd3 exd3 22. Qf7 Bf5 23. Nc4 f3 24. Nd6 fxg2 25. Rfe1 Rf8 26. Qd5 Qc7 27. Bd4
Rad8 28. Bxg7+ Qxg7 29. c4 Rd7 30. b4 Rfd8 31. c5 h5 32. Re3 Kh7 33. Qc4 Rxd6
34. cxd6 Rxd6 35. Qf4 Rd7 36. Qg5 Qf8 37. a3 Rf7 38. Qh4 Qd6 39. Rd2 Rc7 40.
Kxg2 Qd5+ 41. f3 Rc2 42. Qe7+ Kh6 43. Qf8+ Kg5 44. Qe7+ Kh6 45. Kg3 Rc8 46. h4
Qd8 47. Qe5 Qc7 48. f4 Qxe5 49. fxe5 Kg7 50. Rexd3 Bxd3 51. Rxd3 Kf7 52. Rd4
Rc3+ 53. Kf4 Rxa3 54. Rd7+ Ke6 55. Rxb7 Rh3 56. Rb6+ Kf7 57. Rb7+ Ke6 58. Rb6+
Kf7 59. Kg5 Rg3+ 60. Kh6 Rg4 61. Rxa6 Rxb4 62. Rf6+ Ke7 63. Kxg6 Rxh4 64. Kf5
Rh1 65. Rh6 Rf1+ 66. Kg5 Rg1+ 67. Kf5 Rf1+ 68. Ke4 Re1+ 69. Kf4 Rf1+ 1/2-1/2

[Event "4th Mediterreanean Men & Women Champions"]
[Site "Cannes"]
[Date "2007.02.19"]
[Round "3.15"]
[White "Titova-Boric, Elena"]
[Black "Garcia, Raul"]
[Result "1/2-1/2"]
[WhiteElo "2281"]
[BlackElo "2233"]
[PlyCount "36"]
[EventDate "2007.??.??"]

1. f4 d5 2. Nf3 c6 3. g3 Nd7 4. Bg2 Qc7 5. O-O e5 6. fxe5 Nxe5 7. Nxe5 Qxe5 8.
d4 Qh5 9. e4 Qxd1 10. Rxd1 dxe4 11. Bxe4 Bg4 12. Re1 O-O-O 13. Be3 Nf6 14. Bg2
Nd5 15. Bf2 Nb4 16. Na3 Bd6 17. Re3 Rhe8 18. Nc4 Rxe3 1/2-1/2

[Event "4th Mediterreanean Men & Women Champions"]
[Site "Cannes"]
[Date "2007.02.19"]
[Round "3.16"]
[White "Van Hoolandt, Patrick"]
[Black "Solic, Kristina"]
[Result "1-0"]
[WhiteElo "2257"]
[BlackElo "2155"]
[PlyCount "57"]
[EventDate "2007.??.??"]

1. d4 d5 2. Nf3 Nf6 3. c4 c6 4. cxd5 cxd5 5. Nc3 Nc6 6. Bf4 a6 7. Rc1 Bf5 8. e3
Qb6 9. Be2 e6 10. O-O Qxb2 11. Qa4 Qb4 12. Ne5 Qxa4 13. Nxa4 Nxe5 14. Nb6 Rd8
15. Bxe5 Bd6 16. Bxd6 Rxd6 17. Rc8+ Rd8 18. Rxd8+ Kxd8 19. Rc1 Re8 20. Rc8+ Ke7
21. Rc7+ Kf8 22. Rxb7 e5 23. dxe5 Rxe5 24. Kf1 Ne4 25. g4 Be6 26. f4 Nd2+ 27.
Ke1 Rxe3 28. Kxd2 d4 29. a4 1-0

[Event "4th Mediterreanean Men & Women Champions"]
[Site "Cannes"]
[Date "2007.02.20"]
[Round "4.1"]
[White "Saric, Ivan"]
[Black "Atalik, Suat"]
[Result "0-1"]
[WhiteElo "2469"]
[BlackElo "2586"]
[PlyCount "84"]
[EventDate "2007.??.??"]

1. e4 c5 2. Nf3 d6 3. d4 cxd4 4. Nxd4 Nf6 5. Nc3 Nc6 6. Bg5 e6 7. Qd2 a6 8.
O-O-O Nxd4 9. Qxd4 Be7 10. f4 b5 11. Bxf6 gxf6 12. e5 d5 13. Kb1 Rg8 14. Bd3 f5
15. g4 Rxg4 16. Rhg1 Rg6 17. h4 Bxh4 18. Rh1 Bb7 19. a4 Bc6 20. Qc5 Bd7 21.
axb5 Be7 22. Qd4 axb5 23. Rxh7 Rg8 24. b4 Qb8 25. Rg1 Rf8 26. Ne2 Ra4 27. c3
Qa8 28. Nc1 Ra1+ 29. Kc2 Bc6 30. Kd2 Kd7 31. Nb3 Ra2+ 32. Ke3 Rh8 33. Bxf5 Rxh7
34. Bxh7 Qh8 35. Qd3 $2 (35. Nc1 $11) 35... Rh2 36. Bf5 Qh4 37. Rf1 Qg3+ 38.
Kd4 Qg2 39. Nc5+ Bxc5+ 40. bxc5 exf5 41. Qxf5+ Kc7 42. Qd3 Rh3 0-1

[Event "4th Mediterreanean Men & Women Champions"]
[Site "Cannes"]
[Date "2007.02.20"]
[Round "4.2"]
[White "Apicella, Manuel"]
[Black "Piscopo, Pierluigi"]
[Result "1/2-1/2"]
[WhiteElo "2534"]
[BlackElo "2380"]
[PlyCount "78"]
[EventDate "2007.??.??"]

1. e4 c5 2. Nf3 Nc6 3. d4 cxd4 4. Nxd4 Nf6 5. Nc3 e5 6. Ndb5 d6 7. Nd5 Nxd5 8.
exd5 Ne7 9. c3 Nf5 10. a4 g6 11. Bd3 Bg7 12. O-O O-O 13. Qb3 Re8 14. Re1 Bd7
15. Qb4 a6 16. Na3 b5 17. axb5 axb5 18. Bxb5 Bxb5 19. Qxb5 Ra5 20. Qd3 Qa8 21.
c4 Nd4 22. Bd2 Ra6 23. Bc3 Nb3 24. Rad1 Nc5 25. Qc2 Na4 26. Bb4 Rc8 27. Nb5 Nc5
28. h3 f5 29. Bxc5 Rxc5 30. b4 Rc8 31. c5 Rb6 32. Qe2 dxc5 33. d6 cxb4 34. d7
Rd8 35. Qc4+ Kh8 36. Qxb4 Rb7 37. Qc5 Rbxd7 38. Rxd7 Rxd7 39. Nd6 h6 1/2-1/2

[Event "4th Mediterreanean Men & Women Champions"]
[Site "Cannes"]
[Date "2007.02.20"]
[Round "4.3"]
[White "Collas, Silvia"]
[Black "Djukic, Nikola"]
[Result "0-1"]
[WhiteElo "2389"]
[BlackElo "2527"]
[PlyCount "134"]
[EventDate "2007.??.??"]

1. d4 Nf6 2. Nf3 g6 3. Nc3 d5 4. Bf4 Nh5 5. Bg5 h6 6. Bh4 g5 7. Bg3 Bg7 8. e3
Nxg3 9. hxg3 c6 10. Bd3 Qb6 11. a3 Bg4 12. Qc1 Nd7 13. Nh2 Be6 14. b4 f6 15. g4
Bf7 16. Nf1 h5 17. gxh5 Rxh5 18. Rxh5 Bxh5 19. Ng3 Bf7 20. Na4 Qc7 21. c4 dxc4
22. Bxc4 e6 23. Nc5 Ke7 24. Qc2 Rh8 25. Qe4 Nxc5 26. bxc5 Kd7 27. Rb1 b5 28.
cxb6 axb6 29. a4 Qa7 30. Qc2 Ke7 31. Qb3 Qa5+ 32. Kf1 Rb8 33. Qa3+ Kd7 34. Ne4
Bf8 35. Nxf6+ Kc7 36. Qd3 Qxa4 37. Kg1 Qa3 38. Qc2 Kd8 39. Ng4 Qd6 40. Qh7 Qe7
41. Ne5 Be8 42. Qg8 Kc7 43. Ra1 Kb7 44. Qxe6 Qxe6 45. Bxe6 Bg7 46. Nc4 Rd8 47.
g4 Bg6 48. Ra3 b5 49. Na5+ Kb6 50. Nb3 Bf8 51. Ra1 Bb4 52. f3 Re8 53. Nc5 Bxc5
54. dxc5+ Kxc5 55. Bd7 Rxe3 56. Rc1+ Kd4 57. Rxc6 Bd3 58. Kf2 Re5 59. f4 gxf4
60. Rd6+ Rd5 61. Rxd5+ Kxd5 62. g5 b4 63. Be8 Ke5 64. Bf7 Be4 65. Bg8 Bd5 66.
Bh7 b3 67. Ke2 b2 0-1

[Event "4th Mediterreanean Men & Women Champions"]
[Site "Cannes"]
[Date "2007.02.20"]
[Round "4.4"]
[White "Georgiadis, Ioannis"]
[Black "Belkhodja, Slim"]
[Result "1/2-1/2"]
[WhiteElo "2392"]
[BlackElo "2487"]
[PlyCount "64"]
[EventDate "2007.??.??"]

1. e4 d6 2. d4 Nf6 3. Nc3 e5 4. dxe5 dxe5 5. Qxd8+ Kxd8 6. Bg5 Be6 7. O-O-O+
Nbd7 8. f4 exf4 9. Nf3 h6 10. Bxf4 c6 11. Nd4 Bb4 12. Nxe6+ fxe6 13. Bc4 Re8
14. Rhf1 Bxc3 15. bxc3 e5 16. Be3 Kc7 17. Bf7 Re7 18. Bg6 b6 19. h3 Rh8 20. Rd2
Nc5 21. Bxc5 bxc5 22. g4 Rd8 23. Rg2 Rd6 24. g5 hxg5 25. Rxg5 Rd8 26. Bf5 Rf8
27. Rfg1 Ne8 28. Kd2 Rf6 29. Ke2 Rh6 30. R1g3 c4 31. Rg1 c5 32. Rg6 Rxg6
1/2-1/2

[Event "4th Mediterreanean Men & Women Champions"]
[Site "Cannes"]
[Date "2007.02.20"]
[Round "4.5"]
[White "Calzetta, Monica"]
[Black "Krivec, Jana"]
[Result "1/2-1/2"]
[WhiteElo "2352"]
[BlackElo "2316"]
[PlyCount "69"]
[EventDate "2007.??.??"]

1. e4 e5 2. Nf3 Nc6 3. Bb5 a6 4. Ba4 Nf6 5. O-O Be7 6. Re1 b5 7. Bb3 O-O 8. h3
d6 9. a4 Bb7 10. c3 Na5 11. Bc2 c5 12. d3 Nc6 13. Nbd2 Qc7 14. Qe2 d5 15. Nf1
d4 16. Ng3 dxc3 17. bxc3 b4 18. cxb4 cxb4 19. Bb2 Bc5 20. Rec1 Rfe8 21. Bb3 Na5
22. Bd1 Nd7 23. Nxe5 Nxe5 24. d4 Nec4 25. dxc5 Qxc5 26. Qg4 Qf8 27. Bd4 Rad8
28. Bf6 Bc8 29. Nf5 Bxf5 30. Qxf5 gxf6 31. Be2 Re5 32. Qxf6 Rxe4 33. Qg5+ Kh8
34. Qf6+ Kg8 35. Qg5+ 1/2-1/2

[Event "4th Mediterreanean Men & Women Champions"]
[Site "Cannes"]
[Date "2007.02.20"]
[Round "4.7"]
[White "Dembo, Yelena"]
[Black "Peric, Slavisa"]
[Result "1/2-1/2"]
[WhiteElo "2469"]
[BlackElo "2306"]
[PlyCount "89"]
[EventDate "2007.??.??"]

1. e4 e6 2. d4 d5 3. Nd2 dxe4 4. Nxe4 Bd7 5. Nf3 Bc6 6. Bd3 Nd7 7. O-O Ngf6 8.
Ng3 Be7 9. c4 O-O 10. Bc2 b6 11. b3 Bb7 12. Bb2 c5 13. Qe2 Bxf3 14. Qxf3 cxd4
15. Bxd4 Qc7 16. Qe2 Bd6 17. Rae1 Rfe8 18. Kh1 Rad8 19. Bb2 Bf8 20. f4 g6 21.
Qf3 Bg7 22. Be5 Qc5 23. Bb1 Qf8 24. Bc3 Rc8 25. Rd1 Nc5 26. Be5 Red8 27. Rxd8
Rxd8 28. Rd1 Rxd1+ 29. Qxd1 Qc8 30. h3 Ncd7 31. Bd4 Qc6 32. Be3 Bf8 33. Qd3 Bc5
34. Bd2 a5 35. Ne4 Nxe4 36. Qxe4 Qxe4 37. Bxe4 f5 38. Bf3 Kf7 39. g3 Ke7 40.
Kg2 e5 41. fxe5 Nxe5 42. Bd5 Kf6 43. h4 Ng4 44. Kf3 h6 45. Bc3+ 1/2-1/2

[Event "4th Mediterreanean Men & Women Champions"]
[Site "Cannes"]
[Date "2007.02.20"]
[Round "4.8"]
[White "Bogut, Zeljko"]
[Black "Calistri, Tristan"]
[Result "1-0"]
[WhiteElo "2437"]
[BlackElo "2381"]
[PlyCount "103"]
[EventDate "2007.??.??"]

1. e4 c5 2. Nf3 Nc6 3. d4 cxd4 4. Nxd4 Nf6 5. Nc3 e5 6. Ndb5 d6 7. Bg5 a6 8.
Na3 b5 9. Nd5 Be7 10. Bxf6 Bxf6 11. c4 b4 12. Nc2 a5 13. g3 O-O 14. Bg2 Bg5 15.
O-O Ne7 16. Nxe7+ Qxe7 17. Qd3 Be6 18. b3 Qc7 19. Rad1 Rfd8 20. f4 Bf6 21. Kh1
Qc5 22. Qd2 Rab8 23. Ne3 Kf8 24. f5 Bc8 25. h4 Bb7 26. Qe1 Ra8 27. Rd3 Ke7 28.
g4 h6 29. Qg3 Rh8 30. g5 hxg5 31. Rfd1 Rxh4+ 32. Kg1 Ra6 33. Qf2 Bxe4 34. Bxe4
Rxe4 35. Qf3 d5 36. cxd5 Rd4 37. Rxd4 exd4 38. Nc4 Kf8 39. Kg2 Qe7 40. d6 Qd7
41. Rh1 g6 42. fxg6 Qc6 43. Qxc6 Rxc6 44. Rf1 Kg7 45. d7 Bd8 46. gxf7 Rf6 47.
Rxf6 Bxf6 48. Ne5 d3 49. Kf3 Be7 50. Ke3 g4 51. Kxd3 g3 52. Ke2 1-0

[Event "4th Mediterreanean Men & Women Champions"]
[Site "Cannes"]
[Date "2007.02.20"]
[Round "4.10"]
[White "Lebel, Patrick"]
[Black "El Gindy, Essam"]
[Result "1/2-1/2"]
[WhiteElo "2165"]
[BlackElo "2523"]
[PlyCount "81"]
[EventDate "2007.??.??"]

1. d4 d5 2. Nf3 e6 3. e3 Nf6 4. Bd3 Nbd7 5. b3 Bb4+ 6. c3 Bd6 7. c4 Ne4 8. O-O
O-O 9. Bb2 b6 10. Nbd2 Bb7 11. Ne5 Nxd2 12. Qxd2 Qh4 13. f4 Nf6 14. cxd5 exd5
15. Rac1 Rfe8 16. Qe1 Qxe1 17. Rfxe1 a6 18. a3 Re7 19. b4 Ree8 20. Rc2 Re7 21.
h3 Ne8 22. Kf2 f6 23. Nf3 g6 24. g4 Bc8 25. Rg1 Bd7 26. Bc1 Bb5 27. Bxb5 axb5
28. Nd2 Ng7 29. Nb1 Ne6 30. Nc3 c6 31. Ne2 Rc7 32. Nc3 Rca7 33. Bb2 Kf7 34.
Rgc1 Nd8 35. Kf3 Ke6 36. e4 dxe4+ 37. Nxe4 Be7 38. Nc3 Kf7 39. d5 Rxa3 40. Bxa3
Rxa3 41. Kg2 1/2-1/2

[Event "4th Mediterreanean Men & Women Champions"]
[Site "Cannes"]
[Date "2007.02.20"]
[Round "4.11"]
[White "Khairallah, Faisal"]
[Black "Mehaibia, Azzedine"]
[Result "1-0"]
[WhiteElo "2293"]
[BlackElo "2190"]
[PlyCount "85"]
[EventDate "2007.??.??"]

1. d4 Nf6 2. c4 g6 3. Nc3 Bg7 4. e4 d6 5. Bg5 h6 6. Be3 c6 7. f3 e5 8. Nge2 O-O
9. Qd2 exd4 10. Nxd4 d5 11. cxd5 cxd5 12. e5 Nh7 13. f4 a6 14. g3 Nc6 15. Bg2
Ne7 16. Nb3 Be6 17. Rd1 Qc7 18. Bc5 d4 19. Qxd4 Nf5 20. Qf2 Rfd8 21. O-O Bf8
22. Bb6 Qc8 23. Na5 Rb8 24. Rc1 Qd7 25. Rfd1 Qe7 26. Nd5 Bxd5 27. Rxd5 Rdc8 28.
Rcd1 Qb4 29. a3 Qa4 30. g4 Ne7 31. R5d4 Qe8 32. Rd7 Nc6 33. Nb3 Qe6 34. Qf3
Nxe5 35. fxe5 Qxb6+ 36. Kh1 Ng5 37. Qd3 Ne6 38. Rf1 Ng5 39. h4 Rd8 40. hxg5
Rxd7 41. Qxd7 Qxb3 42. Rxf7 Qxb2 43. Bd5 1-0